| Tag |
First Indicator |
Second Indicator |
Subfields |
| LEADER |
00000cam a2200000 a 4500 |
| 001 |
in00000982139 |
| 005 |
20160115090810.0 |
| 008 |
890906s1990 caua 00110 eng |
| 010 |
|
|
|a 89063174
|
| 020 |
|
|
|a 0895886596 :
|c $9.95
|
| 035 |
|
|
|a (OCoLC)21115974
|
| 035 |
|
|
|9 AEW7427AM
|
| 040 |
|
|
|a DLC
|c DLC
|d TXA
|d UtOrBLW
|
| 041 |
0 |
|
|a eng
|h ger
|
| 049 |
|
|
|a TXAM
|
| 050 |
0 |
0 |
|a QA76.76.U84
|b B3713 1990
|
| 082 |
0 |
0 |
|a 005.4/3
|2 20
|
| 100 |
1 |
|
|a Bartel, Rainer.
|
| 240 |
1 |
0 |
|a QuickStart Norton utilities.
|l English
|
| 245 |
1 |
0 |
|a Up & running with Norton Utilities /
|c Rainer Bartel ; [translator, John Cantrell].
|
| 264 |
|
1 |
|a San Francisco :
|b Sybex,
|c [1990]
|
| 264 |
|
4 |
|c ©1990
|
| 300 |
|
|
|a xi, 132 pages :
|b illustrations ;
|c 21 cm.
|
| 336 |
|
|
|a text
|b txt
|2 rdacontent
|
| 337 |
|
|
|a unmediated
|b n
|2 rdamedia
|
| 338 |
|
|
|a volume
|b nc
|2 rdacarrier
|
| 500 |
|
|
|a Translated from the German.
|
| 500 |
|
|
|a Includes index.
|
| 630 |
0 |
0 |
|a Norton Utilities.
|
| 740 |
0 |
|
|a Up and running with Norton Utilities.
|
| 999 |
|
|
|a MARS
|
| 999 |
f |
f |
|s b22bb04f-7009-35f8-937a-4489a10109d8
|i 612db4a3-c6e0-35f5-b5ff-314e8a7f33a9
|t 0
|
| 952 |
f |
f |
|p ric
|a Texas A&M University
|b Rellis Campus
|c Joint Library Facility
|d Remote Storage
|t 0
|e QA76.76.U84 B3713 1990
|h Library of Congress classification
|i unmediated -- volume
|m A14814090894
|
| 998 |
f |
f |
|a QA76.76.U84 B3713 1990
|t 0
|l Remote Storage
|